Os 15 principais países afetados pela Covid-19 - 23 de julho - Statistics

Estatísticas Gerais
  • Esse quiz foi jogado 6 vezes
  • A pontuação média é 10 de 25
Estatísticas das Respostas
país % Correto
Brasil
100%
Estados Unidos
100%
Colômbia
67%
Espanha
67%
Itália
67%
Reino Unido
67%
Chile
50%
Chile
50%
Índia
50%
México
50%
Rússia
50%
África do Sul
33%
Arábia Saudita
33%
Irão
33%
Peru
33%
Bahrein
17%
Catar
17%
Kuweit
17%
Panamá
17%
Paquistão
17%
Suécia
17%
Armênia
0%
Bielorrússia
0%
Omã
0%
Singapura
0%
Nenhum quiz correspondente encontrado
Distribuição das Pontuações
Porcentagem de Pessoas com Cada Pontuação
Percentil de Números Respondidos
Sua Pontuação Histórica
Você não jogou esse quiz